=LDR 00000nam 2200000 4500 =001 INLIS000000000026325 =005 20201008113133 =035 ##$$a 0010-061300000026325 =008 201008################g##########0#ind## =041 ##$$a Ind =082 ##$$a 307.220 959 816 =090 ##$$a 307.220 959 816, Sis s =245 ##$$a Sistem kepemimpinan dalam masyarakat pedesaan daerah Sumatra Selatan /$c Dra. Latifah Ratnawati {at.all}; editor, Drs. Sugianto Dakung, Syamsidar, BA. =260 ##$$a Jakarta :$b Depdikbud Dirjen Kebudayaan,$c 1986 =300 ##$$a x, 136 hlm, : $b ilus. ; $c 23 x 15 cm. =650 #4$$a Kehidupan Sosial Sumatra Selatan =850 ##$$a NBPNMAT =084 ##$$a 307.220 959 816 SIS s =700 #$$a Ratnawati, Latifah =990 ##$$a 765/Hd.87 =990 ##$$a 764/Hd-87